Statistiques concernant Villes de Wallonie - Carte Quiz

Cliquez ici pour prendre le quiz!

Statistiques générales

  • Ce quiz a été pris 167 fois
  • Le résultat moyen est 10 sur 16

Réponses sur la Carte

Les réponses sont colorées sur une échelle allant du rouge au vert en fonction du pourcentage des utilisateurs qui les ont devinées à leur premier essai. Vous pouvez retrouver ces pourcentages ci-dessous.
 

Statistiques - réponses

Réponse% Correct
Arlon
78%
Namur
78%
Charleroi
77%
Liège
71%
Bastogne
69%
Dinant
68%
Mons
68%
Tournai
65%
Waterloo
63%
Wavre
63%
Huy
57%
Spa
56%
Nivelles
52%
La Louvière
51%
Ath
50%
Verviers
37%

Distribution des résultats

Percentile par nombre de réponses

% des personnes avec chaque résultat

Votre développement - résultats

Vous n’avez pas pris ce quiz